| 000 | 00568nam a22002177a 4500 | ||
|---|---|---|---|
| 005 | 20251108174818.0 | ||
| 008 | 250721s2009 xx 000 0 eng d | ||
| 082 | 1 | 4 | _aJ/372.241/LAY |
| 100 | 1 | _aIl - humud, layla | |
| 245 | 1 | 0 | _ayeah .. its summer time / |
| 264 |
_bal maya publishing house, _c(2009). |
||
| 300 | _a51P. | ||
| 490 | 0 | _aKIDS PLANET | |
| 650 | 1 | 7 | _aFICTION |
| 650 | 1 | 7 | _aLEARNING |
| 650 | 1 | 7 | _aCHILDREN |
| 653 | _aأطفال مرحلة متوسطة (6-9)سنوات | ||
| 700 | 1 |
_azibdeh, dina _eEd. |
|
| 942 |
_2ddc _cBK |
||
| 999 |
_c118701 _d118701 |
||